| 000 | 00467nam a2200145 a 4500 | ||
|---|---|---|---|
| 001 | 000048540 | ||
| 005 | 20201002061229.0 | ||
| 008 | 190328s2015 dr a r 000 spa d | ||
| 040 |
_aDO-SdBNP _bspa _cBNPHU |
||
| 082 |
_axxx _bS825e |
||
| 100 |
_aSteneck, Robert _975937 |
||
| 245 | 3 |
_aEl estado de los arrecifes de coral de la República Dominicana : _breporte 2015 / _cRobert Steneck. |
|
| 260 |
_aSanto Domingo : _bPropa-Gas, _c2015. |
||
| 300 |
_a18 p. : _bil. ; _c28 cm. |
||
| 999 |
_c48028 _d48028 |
||